| 000 | 01033cam a22003257a 4500 | ||
|---|---|---|---|
| 003 | CHAP | ||
| 005 | 20220817043325.0 | ||
| 008 | 971013s1910 r 00010 d | ||
| 010 | _a71875 | ||
| 011 | _a72847 | ||
| 035 | _a82403 | ||
| 040 | _cCHAP | ||
| 090 | _aFolleto 6097 | ||
| 100 | 0 | 0 |
_aGándara, Guillermo. _948392 |
| 245 | 1 | 3 | _aLa plaga de las garrapatas y medios para combatirla |
| 260 |
_aMéxico, D.F. : _bEstación Agrícola Central, _c1910 |
||
| 300 |
_a9 p. _b: ilus. |
||
| 490 | 0 |
_aEstación agrícola central. Circular _v; 22 |
|
| 590 |
_aBATCH-UPD _b10 _c20130110 _lUCH01 _h1843 |
||
| 590 |
_aBATCH-UPD _b10 _c20130410 _lUCH01 _h1214 |
||
| 590 |
_aBATCH-UPD _b10 _c20130914 _lUCH01 _h1042 |
||
| 590 |
_aCONVERSION _b10 _c20130109 _lUCH01 _h1339 |
||
| 650 | 1 | 4 |
_aControl de plagas. _927595 |
| 650 | 1 | 4 |
_aGanado _xPlagas. |
| 650 | 1 | 4 |
_aGarrapatas. _946932 |
| 830 | 0 |
_aEstación agrícola central. Circular _v; 22 _938202 |
|
| 901 | _aBK | ||
| 942 | _cFOLL | ||
| 949 |
_aFolleto 6097 _bBC _cBPP _d-36450 _eBPP _i82403 _mD _si |
||
| 999 |
_c71875 _d71875 |
||